Harry Potter - Le Grand Trombinoscope - Statistiques

Statistiques générales
  • Ce quiz a été pris 4 811 fois
  • Le résultat moyen est 67 sur 100
Statistiques - réponses
Hint Réponse % Correct
Harry Potter
84%
Dobby
83%
Ron Weasley
83%
Rubeus Hagrid
83%
Severus Rogue
83%
Ginny Weasley
83%
Lord Voldemort
83%
Hermione Granger
83%
Cho Chang
82%
Molly Weasley
82%
Mimi Geignarde
82%
Albus Dumbledore
82%
Drago Malefoy
82%
Bellatrix Lestrange
82%
James Potter
82%
Lily Potter
81%
Cédric Diggory
81%
Lucius Malfoy
81%
Nick-Quasi-Sans-Tête
81%
Dolores Ombrage
81%
Sirius Black
81%
Buck
80%
Fleur Delacour
80%
Grosse Dame
80%
Narcissa Malefoy
80%
Luna Lovegood
80%
Neville Londubat
80%
Dudley Dursley
79%
Pattenrond
78%
Quirinus Quirrell
78%
Peter Pettigrow
78%
Argus Rusard
78%
Vernon Dursley
78%
Viktor Krum
77%
Pétunia Dursley
77%
Gilderoy Lockhart
76%
Remus Lupin
76%
Fumseck
75%
Garrick Ollivander
75%
Hedwige
75%
Alastor Maugrey
75%
Crockdur
74%
Minerva McGonagall
74%
Nymphadora Tonks
74%
Arthur Weasley
73%
Sibylle Trelawney
72%
Igor Karkaroff
72%
Alberforth Dumbledore
72%
Xenophilius Lovegood
71%
Percy Weasley
71%
Kreattur
71%
Olivier Dubois
70%
Bill Weasley
70%
Pomona Chourave
70%
Miss Teigne
69%
Rita Skeeter
68%
Parvati Patil
68%
Lavande Brown
67%
Colin Crivey
67%
Amos Diggory
67%
Fred Weasley
66%
Barty Croupton Sr.
65%
Filius Flitwick
65%
Dean Thomas
64%
Poppy Pomfresh
64%
Renée Bibine
64%
Horace Slughorn
64%
Fenrir Greyback
63%
Olympe Maxime
63%
Coquecigrue
62%
Marjorie Dursley
62%
Seamus Finnigan
61%
George Weasley
61%
Gregory Goyle
59%
Vincent Crabbe
59%
Graup
59%
Kingsley Shacklebolt
58%
Firenze
57%
Cornelius Fudge
56%
Charlie Weasley
55%
Pansy Parkinson
54%
Lee Jordan
53%
Mondingus Fletcher
52%
Bathilda Tourdesac
52%
Gripsec
51%
Stanley Rocade
48%
Corman MacLaggen
47%
Muriel
43%
Gellert Grindelwald
43%
Corban Yaxley
41%
Katie Bell
41%
Rufus Scrimgeour
41%
Phineas Nigellus Black
39%
Arabella Figg
39%
Alicia Spinnet
39%
Elphias Doge
38%
Barjow
36%
Ernie MacMillan
36%
Wilhelmina Gobe-Planche
35%
Angelina Johnson
34%
Aucun quiz correspondant
Distribution des résultats
% des personnes avec chaque résultat
Percentile par nombre de réponses
Votre historique - résultats
Vous n’avez pas pris ce quiz